| Tag |
First Indicator |
Second Indicator |
Subfields |
| LEADER |
00000cam a2200000Ia 4500 |
| 001 |
in00001822708 |
| 005 |
20151026062241.0 |
| 008 |
040423s2003 ne a b 001 0 eng d |
| 020 |
|
|
|a 9051668023
|
| 035 |
|
|
|a (OCoLC)ocm55011305
|
| 040 |
|
|
|a JNA
|c JNA
|d TXA
|d UtOrBLW
|
| 049 |
|
|
|a TXAM
|
| 090 |
|
|
|a NX760
|b .H28 2003
|
| 100 |
1 |
|
|a Hagoort, Giep.
|
| 245 |
1 |
0 |
|a Art management :
|b entrepreneurial style /
|c Giep Hagoort.
|
| 250 |
|
|
|a 3rd ed.
|
| 264 |
|
1 |
|a Delft, The Netherlands :
|b Eburon,
|c 2003.
|
| 300 |
|
|
|a xvi, 296 pages :
|b illustrations ;
|c 24 cm.
|
| 336 |
|
|
|a text
|b txt
|2 rdacontent
|
| 337 |
|
|
|a unmediated
|b n
|2 rdamedia
|
| 338 |
|
|
|a volume
|b nc
|2 rdacarrier
|
| 504 |
|
|
|a Includes bibliographical references (pages 283-288) and index.
|
| 650 |
|
0 |
|a Arts
|x Management.
|
| 650 |
|
0 |
|a Art
|x Economic aspects.
|
| 948 |
|
|
|a cataloged
|b h
|c 2004/5/25
|d c
|e rdavis
|f 1:45:47 pm
|
| 994 |
|
|
|a E0
|b TXA
|
| 999 |
|
|
|a MARS
|
| 999 |
f |
f |
|s 63420582-7ea9-3fe9-ad1d-8b0c0ec90b1e
|i 74358b67-72d7-311e-a1bb-01aea0c8e6a4
|t 0
|
| 952 |
f |
f |
|p normal
|a Texas A&M University
|b College Station
|c Sterling C. Evans Library
|d Evans: Library Stacks
|t 0
|e NX760 .H28 2003
|h Library of Congress classification
|i unmediated -- volume
|m A14831946537
|
| 998 |
f |
f |
|a NX760 .H28 2003
|t 0
|l Evans: Library Stacks
|